000 00834nam a22002177a 4500
003 OSt
008 260630b |||||||| |||| 00| 0 eng d
020 _a9789390660292
082 _a631.3076
_bN22O
100 _aNarender
245 _aObjective Type Question Bank on Farm Machinery and Power Engineering:
_bFor ASRB ARS NET ICAR SRF JRF IARI CIAE Ph.D Entrance Exam Gate
_cNarender
260 _aAzadpur, Delhi
_bSatish Serial Publishing House
_c2022
300 _aix., 276p.
650 _aAgricultural machinery.
650 _aAgricultural engineering.
650 _aFarm mechanization.
650 _aAgricultural engineering $v Examinations, questions
650 _aAgricultural machinery $v Examinations, questions
650 _aAgricultural engineering $x Study and teaching $v Examinations, questions
942 _2ddc
_cBK
999 _c52501
_d52501